00749 a2200181 45000010006000000050017000060080041000230030015000640400040000790800105001192450079002240200018003032640029003213000019003505050148003691000025005177000025005425700720260407155833.0260407a1985 arg spa dAR-UNSa-BCEJYS aAR-UNSa-BCEJYSbspacAR-UNSa-BCEJYS a304.4xAspectos generales de las políticas y prácticas sociales y culturales (política social)10aInvirtiendo en la gentepla cualificación personal com motor económico a950-37-4198-8 1aBarcelona :bArielc1985 a155 p.c20 cm. a1. Donde la gente es pobre – 2. A medida que se incrementa el valor del tiempo humano – 3. Cuando prevalecen las distorsiones económicas 1 aSchultz, Theodore W.1 aGuastavino, Marta I.